Statistics for Car Logos Quiz - car quiz #2

Click here to take the quiz!

General Stats

  • This quiz has been taken 43 times
  • The average score is 17 of 20

Answer Stats

Answer% Correct
Chevrolet
100%
Ford
100%
Honda
100%
Lexus
100%
Volkswagen
100%
Audi
95%
Ferrari
95%
Porsche
95%
Hyundai
92%
Mazda
92%
Dodge
89%
Mitsubishi
89%
Alfa Romeo
81%
Cadillac
81%
Fiat
78%
Peugeot
76%
SEAT
73%
Corvette
70%
Infiniti
65%
Buick
54%

Score Distribution

Percentile by Number Answered

Percent of People with Each Score

Your Score History

You have not taken this quiz